Decipher 25 Countries Without Vowels #1 - Statistics

General Stats
  • This quiz has been taken 2,244 times
  • The average score is 23 of 25
Answer Stats
Letters Countries % Correct
B_H_M_S Bahamas
100%
J_M_ _C_ Jamaica
100%
C_B_ Cuba
99%
RW_ND_ Rwanda
99%
M_D_G_SC_R Madagascar
98%
D_NM_RK Denmark
97%
K_ W_ _T Kuwait
97%
M_L_YS_ _ Malaysia
97%
L_S_TH_ Lesotho
96%
G_ _T_M_L_ Guatemala
95%
H_ _T_ Haiti
95%
L_ _CHT_NST_ _N Liechtenstein
95%
D_M_N_C_ Dominica
94%
N_RW_ _ Norway
94%
R_M_N_ _ Romania
94%
_G_ND_ Uganda
94%
S_M_L_ _ Somalia
93%
T_N_S_ _ Tunisia
92%
_LB_N_ _ Albania
90%
_RM_N_ _ Armenia
90%
P_L_ _ Palau
89%
_ND_N_S_ _ Indonesia
85%
M_ _R_T_N_ _ Mauritania
85%
_C_ _D_R Ecuador
84%
G_ _N_ _ Guinea
81%
No matching quizzes found
Score Distribution
Percent of People with Each Score
Percentile by Number Answered
Your Score History
You have not taken this quiz